| 000 | 00375 a2200133 4500 | ||
|---|---|---|---|
| 005 | 20250617154440.0 | ||
| 020 | _a978-1-119-02143-8 | ||
| 082 | _a005.7585 LIN | ||
| 100 | _aLINOFF, G. S. | ||
| 245 | _aData Analysis Using SQL and Excel. | ||
| 300 |
_axlvi,744p.: ill.; figure, table _bIndex _c23cm |
||
| 856 |
_yAccess online book _fData Analysis _dwww.wiley.com |
||
| 942 |
_2ddc _cBKS |
||
| 999 |
_c169 _d169 |
||